00442nam a2200133Ia 450000500170000000800410001702000180005808200210007610000160009724501040011326000320021730000080024965000510025720241210174526.0231221s9999 xx 000 0 und d a9780385339032 a808.23 FIE;1 R aField, Syd. 0aScreenplay : the foundations of screenwriting, a step-by-step guide from concept to finished script c2005bBantam DellaNew York a319 aFantastic,beasts,find,them,original,screenplay